Monnaie par symbole - Statistiques

Statistiques générales
  • Ce quiz a été pris 19 212 fois
  • Le résultat moyen est 5 sur 12
Statistiques - réponses
Symbole Monnaie % Correct
$ Dollar | Peso
100%
Euro
100%
£ Livre
96%
¥ Yen | Yuan
94%
฿ Baht | Bitcoin
41%
Won
37%
Zloty
26%
R$ Real
15%
Roupie indienne
13%
Riyal
9%
Shekel
5%
Lire
4%
Aucun quiz correspondant
Distribution des résultats
% des personnes avec chaque résultat
Percentile par nombre de réponses
Votre historique - résultats
Vous n’avez pas pris ce quiz